Psychology, (Record no. 6060)

MARC details
005 - DATE AND TIME OF LATEST TRANSACTION
control field 20250628144009.0
020 ## - INTERNATIONAL STANDARD BOOK NUMBER
International Standard Book Number 0-205-37609-6
082 ## - DEWEY DECIMAL CLASSIFICATION NUMBER
Classification number 150 KOS.
100 ## - MAIN ENTRY--PERSONAL NAME
Author name KOSSLYN, S.
245 ## - TITLE STATEMENT
Title Psychology,
250 ## - EDITION STATEMENT
Edition statement 2nd Ed.
260 ## - PUBLICATION, DISTRIBUTION, ETC.
Place of publication, distribution, etc. New York,
Name of publisher, distributor, etc. Peason Printice Hall,
Date of publication, distribution, etc. 2004.
300 ## - PHYSICAL DESCRIPTION
Extent xxxii.; 706p.; Ill.; picture,
Other physical details Index,
Dimensions 28cm.
942 ## - ADDED ENTRY ELEMENTS (KOHA)
Source of classification or shelving scheme Dewey Decimal Classification
Koha item type Books
Holdings
Date last seen Total checkouts Full call number Barcode Cost, replacement price Price effective from Koha item type Lost status Source of classification or shelving scheme Damaged status Not for loan Withdrawn status Home library Current library Shelving location Date acquired Cost, normal purchase price
06/28/2025   150KOS DOM0002487 150000.00 06/28/2025 Books   Dewey Decimal Classification       CBE Dodoma CBE Dodoma General Collection 06/28/2004 50000.00